| 000 | 00717nam a2200217 a 4500 | ||
|---|---|---|---|
| 005 | 20240511063836.0 | ||
| 008 | 031008m19942000mx r 000 0 spa d | ||
| 020 | _a9681645294 | ||
| 035 | _aUPN01000129732 | ||
| 049 | _aI | ||
| 050 | 4 |
_aPZ76.3 _bB7.4 |
|
| 100 | 1 |
_aBrowne, Anthony Edward Tudor, _d1946- _935823 |
|
| 245 | 1 | 3 |
_aEl libro del osito / _bAnthony Browne ; tr. Carmen Esteva. |
| 260 |
_aMéxico : _bFCE, _c1994 (2000 impr.). |
||
| 300 |
_a[17] p. : _bprincipalmente il. col. |
||
| 440 | 4 | _aLos especiales de A la orilla del viento | |
| 534 |
_pTraducción de: _tThe little bear book |
||
| 650 | 4 |
_aOsos _vCuentos y leyendas _910810 |
|
| 650 | 4 |
_aCuentos infantiles ingleses _910002 |
|
| 905 | _aInfantil | ||
| 999 |
_c101889 _d101889 |
||